Statistics Finland (Record no. 120949)
[ view plain ]
| 000 -LEADER | |
|---|---|
| fixed length control field | 00812cai a22001935a 4500 |
| 001 - CONTROL NUMBER | |
| control field | L155036 |
| 008 - FIXED-LENGTH DATA ELEMENTS--GENERAL INFORMATION | |
| fixed length control field | 120221u2012 xxk f 000 0 eng d |
| 035 ## - SYSTEM CONTROL NUMBER | |
| System control number | (Sirsi) u155036 |
| 041 0# - LANGUAGE CODE | |
| Language code of text/sound track or separate title | eng |
| 110 2# - MAIN ENTRY--CORPORATE NAME | |
| Corporate name or jurisdiction name as entry element | Statistics Finland |
| 9 (RLIN) | 6023 |
| 245 00 - TITLE STATEMENT | |
| Title | Statistics Finland |
| Remainder of title | building cost index |
| Medium | [electronic resource] |
| 260 ## - PUBLICATION, DISTRIBUTION, ETC. | |
| Place of publication, distribution, etc. | Helsinki |
| Name of publisher, distributor, etc. | Statistics Finland |
| Date of publication, distribution, etc. | 2012 |
| 520 ## - SUMMARY, ETC. | |
| Summary, etc. | The building cost index for Finland describes relative changes in the building costs of building works and buildings of essentially identical structures by monitoring developments in the prices of the basic inputs used in their building. |
| 590 ## - LOCAL NOTE (RLIN) | |
| Local note | KA |
| 651 #4 - SUBJECT ADDED ENTRY--GEOGRAPHIC NAME | |
| Geographic name | Finland |
| 690 ## - LOCAL SUBJECT ADDED ENTRY--TOPICAL TERM (OCLC, RLIN) | |
| Topical term or geographic name as entry element | Cost management |
| 9 (RLIN) | 6233 |
| 856 40 - ELECTRONIC LOCATION AND ACCESS | |
| Uniform Resource Identifier | <a href="https://www.stat.fi/til/rki/index_en.html">https://www.stat.fi/til/rki/index_en.html</a> |
| Public note | View the website free of charge at www.stat.fi |
| 942 ## - ADDED ENTRY ELEMENTS (KOHA) | |
| Suppress in OPAC | 0 |
| Withdrawn status | Lost status | Source of classification or shelving scheme | Damaged status | Not for loan | Home library | Current library | Shelving location | Date acquired | Total Checkouts | Full call number | Barcode | Date last seen | Copy number | Price effective from | Koha item type |
|---|---|---|---|---|---|---|---|---|---|---|---|---|---|---|---|
| Dewey Decimal Classification | Virtual | Virtual | Online | 21/02/2012 | WEB-SITE | 155036-2001 | 06/08/2019 | 1 | 06/08/2019 | Online material |